000 00620nam a2200229Ia 4500
003 OSt
005 20220918200714.0
006 a|||||r|||| 00| 0
007 ta
008 220917b |||||||| |||| 00| 0 eng d
024 _a89,922
037 _cTextual
040 _aARTS
_cARTS
_beng
041 _2eng
_aeng
082 _aU8:42:N0, D8
100 _aMigeon Gaston
_995218
245 0 _aIn Japan
_b pilgrimages to the Shrines of art, tr from the French by Florence Simmonds
260 _c1908
650 _aGEOGRAPHY
942 _hU8:42:N0, D8
_cTEXL
_2CC
999 _c213591
_d213591